000 01682nas a2200421 a 4500
001 18348622
005 20180202092243.0
008 100224d19501960ilumr p o 0 a0eng c
010 _a 2011263047
022 0 _a2375-6799
_y0888-2479
_21
035 _a(OCoLC)ocn527814167
037 _bAmerican Medical Association, 515 N. State St., Chicago, IL 60610
040 _aFFQ
_beng
_cFFQ
_dOCLCE
_dLGG
_dVRC
_dTXA
_dOCLCQ
_dOCLCF
_dDLC
041 _aeng
042 _apcc
_adlr
060 4 _aW1
_bA126
080 _a616 JAY
082 1 4 _a616 JAY
_211
100 _a3
101 _aSHM
210 0 _aA.M.A. arch. inter. med.
_b(Online)
222 0 _aA.M.A. archives of internal medicine
_b(Online)
245 0 0 _aA.M.A. archives of internal medicine
246 3 _aAmerican Medical Association archives of internal medicine
246 3 _aAMA archives of internal medicine
246 3 _aArch. intern. med
246 3 _aArchives of internal medicine
310 _aMonthly
362 1 _aBegan with: Vol. 86, no. 4 (Oct. 1950); ceased with: vol. 105, no. 6 (June 1960).
506 _3Use copy
_5MiAaHDL
_fRestrictions unspecified
_2star
533 _aElectronic reproduction.
_b[S.l.] :
_cHathiTrust Digital Library,
_d2010.
776 0 8 _iPrint version:
_tA.M.A. archives of internal medicine
_x0888-2479
_w(DLC) 53039642
_w(OCoLC)1589859
780 0 0 _tArchives of internal medicine (1908)
_w(DLC) 2011263001
_w(OCoLC)631836604
785 0 0 _tArchives of internal medicine (1960)
_x1538-3679
_w(DLC) 00227037
_w(OCoLC)43388654
906 _a7
_bbbc
_csercoop
_du
_encip
_f20
_gn-oclcserc
942 _2ddc
_cBK
999 _c41698
_d41698